Flags of Italian History - Statistics

General Stats
  • This quiz has been taken 15 times
  • The average score is 5 of 8
Answer Stats
Picture Answer % Correct
Roman Empire
100%
Italian Republic
73%
Kingdom of Two Sicilies
64%
Republic of Genoa
64%
Kingdom of Italy
45%
Napoleonic Italy
45%
Grand Duchy of Tuscany
36%
Italian Empire
36%
No matching quizzes found
Score Distribution
Percent of People with Each Score
Percentile by Number Answered
Your Score History
You have not taken this quiz